| 000 | 00878nam a22001937a 4500 | ||
|---|---|---|---|
| 999 |
_c61156 _d61156 |
||
| 005 | 20231225154923.0 | ||
| 008 | 231225s1959 ru ||||| |||| 00| 0 rus d | ||
| 041 | _arus | ||
| 080 | _a902.2(477.73) C-60 | ||
| 100 |
_aСоломоник, Э. И. _920873 |
||
| 245 |
_aСарматские Знаки северного Причерноморья / _cЭ. И. Соломоник; АН УССР. Ин-т археологии. |
||
| 264 |
_aКиев : _bИзд-во Академии наук УССР, _c1959. |
||
| 300 |
_a179 с.: _bил.; _c23 см. |
||
| 653 | _aარქეოლოგიური ძეგლები | ||
| 653 | _aჩრდილოეთ შავი ზღვის რეგიონი | ||
| 653 | _aსკვითური კულტურა | ||
| 653 | _aსარმატული წარწერები | ||
| 942 |
_2udc _cᲬᲘᲒᲜᲘ |
||